<?xml version="1.0" encoding="UTF-8"?><?xml-stylesheet type="text/xsl" href="static/style.xsl"?><OAI-PMH xmlns="http://www.openarchives.org/OAI/2.0/" xmlns:xsi="http://www.w3.org/2001/XMLSchema-instance" xsi:schemaLocation="http://www.openarchives.org/OAI/2.0/ http://www.openarchives.org/OAI/2.0/OAI-PMH.xsd"><responseDate>2026-04-27T14:38:27Z</responseDate><request verb="GetRecord" identifier="oai:uvadoc.uva.es:10324/3864" metadataPrefix="marc">https://uvadoc.uva.es/oai/request</request><GetRecord><record><header><identifier>oai:uvadoc.uva.es:10324/3864</identifier><datestamp>2025-02-19T07:57:23Z</datestamp><setSpec>com_10324_38</setSpec><setSpec>col_10324_852</setSpec></header><metadata><record xmlns="http://www.loc.gov/MARC21/slim" xmlns:doc="http://www.lyncode.com/xoai" xmlns:xsi="http://www.w3.org/2001/XMLSchema-instance" xmlns:dcterms="http://purl.org/dc/terms/" xsi:schemaLocation="http://www.loc.gov/MARC21/slim http://www.loc.gov/standards/marcxml/schema/MARC21slim.xsd">
<leader>00925njm 22002777a 4500</leader>
<datafield tag="042" ind1=" " ind2=" ">
<subfield code="a">dc</subfield>
</datafield>
<datafield tag="720" ind1=" " ind2=" ">
<subfield code="a">Simal Gil, María del Mar</subfield>
<subfield code="e">author</subfield>
</datafield>
<datafield tag="260" ind1=" " ind2=" ">
<subfield code="c">2013</subfield>
</datafield>
<datafield tag="520" ind1=" " ind2=" ">
<subfield code="a">El objeto del presente trabajo es mostrar la respuesta educativa más adecuada para los alumnos con Altas Capacidades Intelectuales dentro del marco legislativo vigente. Primero, recogemos las características de este tipo de alumnado así como la clasificación actual en nuestro ámbito educativo: precocidad intelectual, talento y superdotación. Todo ello con el fin de identificarlos, determinar sus necesidades específicas de apoyo educativo y poder dar una respuesta educativa de calidad. A partir de ahí, analizamos las diferentes medidas de atención que podemos ofrecer tanto desde el contexto de aprendizaje y social como de forma individual (enriquecimiento, agrupamiento y/o flexibilización). Lo anteriormente expuesto, se concreta, a continuación, en un plan de intervención contextualizado en un Colegio de Educación Primaria. En último lugar se presentan unas conclusiones.</subfield>
</datafield>
<datafield tag="024" ind2=" " ind1="8">
<subfield code="a">http://uvadoc.uva.es/handle/10324/3864</subfield>
</datafield>
<datafield ind1=" " ind2=" " tag="653">
<subfield code="a">Altas capacidades intelectuales</subfield>
</datafield>
<datafield ind1=" " ind2=" " tag="653">
<subfield code="a">Respuesta educativa</subfield>
</datafield>
<datafield tag="245" ind1="0" ind2="0">
<subfield code="a">Atención educativa al alumnado con altas capacidades intelectuales</subfield>
</datafield>
</record></metadata></record></GetRecord></OAI-PMH>